Normal view
MARC view
- الارباح- البنوك الاسلامية -الاردن
Entry Topical Term
001 - CONTROL NUMBER
- control field: 61173
003 - CONTROL NUMBER IDENTIFIER
- control field: JO-AjAnu
005 - DATE AND TIME OF LATEST TRANSACTION
- control field: 20230606084009.0
008 - FIXED-LENGTH DATA ELEMENTS
- fixed length control field: 230606|| aca||aabn | a|a d
040 ## - CATALOGING SOURCE
- Original cataloging agency: JO-AjAnu
- Transcribing agency: JO-AjAnu
150 ## - HEADING--TOPICAL TERM
- Topical term or geographic name entry element: الارباح- البنوك الاسلامية -الاردن
670 ## - SOURCE DATA FOUND
- Source citation: Work cat.: (JO-AjAnu)31201: اعداد الزعارير، احمد مصطفى محمود ؛ إشراف ليث عبدالله محمد العريان, author 61172, العلاقة بين تكاليف المسؤولية الاجتماعية والربح التشغيلي في البنوك التجارية الأردنية : الملكية العائلية كمتغير معدل= The Relationship Between Costs of Social Responsibility and Operating Earnings in jordanian commercial Banks:the moderating Effect of Family Ownership